UBT Library

NELSON ESEENTIALS OF PEDIATRICS (Record no. 46991)

000 -LEADER
fixed length control field 00329nam a22001457a 4500
008 - FIXED-LENGTH DATA ELEMENTS--GENERAL INFORMATION
fixed length control field 180810b xxu||||| |||| 00| 0 eng d
020 ## - INTERNATIONAL STANDARD BOOK NUMBER
International Standard Book Number 9780721694061
041 ## - LANGUAGE CODE
Language code of text/sound track or separate title eng
080 ## - UNIVERSAL DECIMAL CLASSIFICATION NUMBER
Universal Decimal Classification number 616-053.2
082 ## - DEWEY DECIMAL CLASSIFICATION NUMBER
Edition number 4 ED
100 ## - Rafti
Rafti 8
101 ## - Shkurtesa
Shkurtesa PED
245 ## - TITLE STATEMENT
Title NELSON ESEENTIALS OF PEDIATRICS
Statement of responsibility, etc BEHRMAN.R.E
942 ## - ADDED ENTRY ELEMENTS (KOHA)
Source of classification or shelving scheme
Item type Books
Holdings
Withdrawn status Lost status Source of classification or shelving scheme Damaged status Not for loan Collection code Permanent location Current location Shelving location Date acquired Total Checkouts Full call number Barcode Date last seen Price effective from Koha item type
          Koleksioni i përgjithshem UBT - Lipjan UBT - Lipjan Koleksioni i përgjithshem 08/10/2018   616-053.2 BEH 002-3010763 08/10/2018 08/10/2018 Books
UBT Library © 2015-2024. All rights reserved University Education for Business and Technology